01323nam a2200361 i 4500001000200000003000900002005001700011007000300028008004000031040003000071041000800101082003100109100003800140110000600178240002700184245012900211246000900340246000600349260000600355264011800361300002800479336002700507337003400534338002900568500008100597650005900678650005000737650004000787651003800827651003800865700004900903710000900952 DO-SdBNP20250812135411.0ta090824s2009 dr l 000 0 spa d aDO-SdBNPbspacBNPHUerda aspa 4a344.729301bC352c 20092221 aCastillo, Anina del eautor4aut. a 10aCódigo del trabajo 10aCódigo de trabajo de la República Dominicana :bley 16-92 /cAnina del Castillo ; editores Giovanni Rodríguez Mejía.14a b 14a  b  aSantiago de los Caballeros, República Dominicana : bPontificia Universidad Católica Madre y Maestra,c2009. a191 páginas ;c21 cm. atextobtxt2rdacontent asin mediación bn2rdamedia avolumenbnc2rdacarrier  aEdición rubricada y concordada con las normas internacionales del trabajo  4aDerecho laboralxLegislaciónzRepública Dominicana 4aLegislación laboralzRepública Dominicana 4aLeyeszRepública Dominicanay1992 4aRepública DominicanaxLey 16-92 4aRepública DominicanaxLey 97-97 a Rodríguez Mejía, Giovanni,eeditor4ed.1 a b